[Event "DDR-ch (Women)"]
[Site "Eilenburg"]
[Date "1984.??.??"]
[Round "11"]
[White "Wolf, Sylvia"]
[Black "Beltz, Martina"]
[Result "1-0"]
[WhiteElo "1930"]
[BlackElo "2070"]

1.e4 c5 2.Nf3 e6 3.d4 cxd4 4.Nxd4 a6 5.Nc3 Qc7 6.g3 Nc6 7.Bg2 Nf6 8.O-O d6
9.Re1 Be7 10.Nxc6 bxc6 11.e5 dxe5 12.Rxe5 O-O 13.Re1 Bb7 14.Bf4 Qb6 15.Na4 Qb5
16.b3 Rfd8 17.Qf3 Qf5 18.Nb6 Ra7 19.Bc7 Qxf3 20.Bxf3 Re8 21.Nc4 Nd5 22.Ba5 Ba8
23.Ne5 f6 24.Nd3 Bd6 25.c4 Nc7 26.Bb6 Rb7 27.c5 Rxb6 28.cxb6 Nb5 29.Rac1 Nd4
30.Bg2 Re7 31.Rc4 e5 32.a4 a5 33.f4 Nxb3 34.Bxc6 Nd2 35.Bxa8 Nxc4 36.Bd5+ Kf8
37.Bxc4  1-0

[Event "DDR-ch 33th"]
[Site "Eilenburg"]
[Date "1984.??.??"]
[Round "13"]
[White "Pfretzschner, Roland"]
[Black "Vogt, Lothar"]
[Result "1/2-1/2"]
[WhiteElo "2200"]
[BlackElo "2485"]

1.e4 c5 2.Nf3 e6 3.Nc3 a6 4.d4 cxd4 5.Nxd4 d6 6.g3 Nf6 7.Bg2 Be7 8.O-O O-O
9.a4 Nc6 10.b3 Bd7 11.Ba3 Rc8 12.Nce2 d5 13.Bxe7 Qxe7 14.Nxc6 Bxc6 15.e5 Ng4
16.Qd4 Nh6 17.Rfd1 Nf5 18.Qf4 b5 19.Nd4 Nxd4 20.Qxd4 bxa4 21.bxa4 Bb7 22.Qb2 Rc7
23.Bf1 Qc5 24.Rab1 d4 25.Bg2 Bxg2 26.Kxg2 Rd7 27.Qb6 Qxc2 28.Qxa6 Qe4+ 29.Kg1 Qxe5
30.Qb6 h5 31.h4 Qd5 32.a5 e5 33.a6 Ra8 34.Ra1 Rda7 35.Ra5 Qf3 36.Rd2 Qc3
37.Rd1 Qc2 38.Qb1 Qc7 39.Qa2 Qd6 40.Ra1 e4 41.Qd5 Qxd5 42.Rxd5 d3 43.Rd6 Kf8
44.Kf1 Ke7 45.Rb6 Kd7 46.Ke1 Kc7 47.Rb4 f5 48.Rba4 g6 49.R4a2 Kb6 50.Rb1+ Kc6
51.Rba1 Rb8 52.Rc1+ Kd6 53.Kd2 Rb6 54.Rca1 Kc7 55.Kd1 Kb8 56.Kd2 Rc7 57.f3 exf3
58.Ke3 Ka7 59.Rd2 Rd6 60.Ra3 Rc2 61.Rxc2 dxc2 62.Rc3 Rxa6 63.Rxc2 Ra3+ 64.Kf2 Kb6
65.Rc8 Ra4 66.Kxf3 Rg4 67.Rc1 Kb5 68.Rc2 Kb4 69.Rc1 Kb3 70.Rc6 Kb2 71.Rc5 Ka3  1/2-1/2

[Event "BL2-N"]
[Site "Germany"]
[Date "1984.??.??"]
[Round "?"]
[White "Neumann, Joachim"]
[Black "Fries Nielsen, Jens Ove"]
[Result "1-0"]
[WhiteElo "2235"]
[BlackElo "2420"]

1.e4 c5 2.Nf3 e6 3.d4 cxd4 4.Nxd4 a6 5.Nc3 Nc6 6.g3 Nge7 7.Nb3 Ng6 8.Bg2 Be7
9.f4 O-O 10.Be3 d6 11.O-O Rb8 12.a4 b6 13.Qh5 Nb4 14.Rf2 Bd7 15.Nd4 e5 16.Nf5 exf4
17.gxf4 Bxf5 18.Qxf5 Nh4 19.Qg4 f5 20.Qe2 Rc8 21.Rd1 Qc7 22.Bd4 Bf6 23.e5 dxe5
24.Nd5 Nxd5 25.Bxd5+ Kh8 26.Bxe5 Bxe5 27.Qxe5 Qd7 28.Qd4 Rf6 29.Bg2 Qc7 30.Rd3 Nxg2
31.Rxg2 Re8 32.Re3 Rd8 33.Qe5 Rd1+ 34.Kf2 Qxc2+ 35.Re2 Qc8 36.Qe8+ Rf8 37.Qxc8 Rxc8
38.Re6 Rd4 39.Ke3 Rb4 40.Re7 g6 41.Rd2 Rxa4 42.Rdd7 Re4+ 43.Rxe4 fxe4 44.Kxe4 a5
45.Ke5 Rc4 46.Kf6 Rxf4+ 47.Kg5 Rf5+ 48.Kg4 a4 49.Ra7 b5 50.h4 Rc5  1-0

[Event "Hamburg op"]
[Site "Hamburg"]
[Date "1984.??.??"]
[Round "3"]
[White "Glatt, Gabor"]
[Black "Donchev, Dimitar I"]
[Result "1/2-1/2"]
[WhiteElo "2320"]
[BlackElo "2505"]

1.e4 c5 2.Nf3 e6 3.d4 cxd4 4.Nxd4 a6 5.Nc3 b5 6.Bd3 Ne7 7.O-O Nec6 8.Nxc6 Nxc6
9.Be3 Bb7 10.f4 Be7 11.Qh5 g6 12.Qe2 d6 13.Rad1 Qc7 14.Qf2 Nb4 15.f5 Nxd3
16.Rxd3 gxf5 17.exf5 Rg8 18.fxe6 fxe6 19.Bb6 Rxg2+ 20.Qxg2 Qxb6+ 21.Qf2 Qc6
22.Nd5 Kd7 23.Nb6+ Kd8 24.Nd5 Kd7 25.Nb6+  1/2-1/2

[Event "SWE-ch"]
[Site "Linkoping"]
[Date "1984.??.??"]
[Round "?"]
[White "Johansson, Jan"]
[Black "Winge, Stefan"]
[Result "1/2-1/2"]
[WhiteElo "2200"]
[BlackElo "2250"]

1.e4 c5 2.Nf3 e6 3.d4 cxd4 4.Nxd4 a6 5.Nc3 Qc7 6.Be2 Nf6 7.O-O Bb4 8.Qd3 Nc6
9.Nxc6 dxc6 10.Bg5 h6 11.Bxf6 gxf6 12.Rad1 Bd7 13.Bh5 Rd8 14.f4 Be7 15.e5 f5
16.Qe3 c5 17.Bf3 Rg8 18.Ne2 Bc6 19.c4 Bxf3 20.Qxf3 Qc6 21.Rxd8+ Kxd8 22.Qxc6 bxc6
23.Rf3 Kc7 24.Ra3 Rb8 25.Rb3 Rxb3 26.axb3 f6 27.Nc1 fxe5 28.fxe5 Bg5 29.Nd3 Be3+
30.Kf1 Bd4  1/2-1/2

[Event "SWE-ch"]
[Site "Linkoping"]
[Date "1984.??.??"]
[Round "?"]
[White "Bengtsson, Bo"]
[Black "Winge, Stefan"]
[Result "0-1"]
[WhiteElo "2200"]
[BlackElo "2250"]

1.e4 c5 2.Nf3 e6 3.d4 cxd4 4.Nxd4 a6 5.Nc3 Qc7 6.g3 Nf6 7.Bg2 d6 8.O-O Bd7
9.Be3 Nc6 10.Nxc6 Bxc6 11.a4 Be7 12.a5 Rc8 13.Bb6 Qb8 14.Re1 Nd7 15.Bd4 O-O
16.Nd5 Bxd5 17.exd5 e5 18.f4 Bf6 19.Bh3 exd4 20.Bxd7 Rc5 21.Qd3 Qc7 22.Bf5 g6
23.Be4 Rxa5 24.Rad1 Rb5 25.b3 Rc5 26.Qf3 Re8 27.g4 h6 28.Re2 Rc3 29.Bd3 Rxe2
30.Qxe2 Qd7 31.Qf3 Rc8 32.Re1 Kg7 33.Re4 Re8 34.Rxe8 Qxe8 35.Qe4 Qc8 36.h3 b5
37.Kg2 Qc3 38.Qe2 Bh4 39.f5 gxf5 40.gxf5 Kf6 41.Kf3 Qa1 42.Qd2 Qh1+ 43.Qg2 Qxg2+
44.Kxg2 Ke5 45.Kf3 Kxd5 46.Be4+ Kc5 47.Bb7 a5 48.Ke4 f6 49.Ba8 Be1 50.Bb7 Bf2
51.Ba8 h5 52.Bb7 h4 53.Ba8 a4 54.bxa4 bxa4 55.Bd5 d3 56.cxd3 Kb4 57.Bc4 Kc3
58.Kd5 Bg3 59.Ke6 Be5 60.Kd5 a3 61.Ke6 Kb2 62.Kd5 a2 63.Bxa2 Kxa2 64.d4 Bf4
65.Ke6 Kb3  0-1

[Event "Lloyds Bank op"]
[Site "London"]
[Date "1984.??.??"]
[Round "9"]
[White "Anand, Viswanathan"]
[Black "Greenfeld, Alon"]
[Result "1-0"]
[WhiteElo "2345"]
[BlackElo "2485"]

1.e4 c5 2.Nf3 e6 3.Nc3 a6 4.d4 cxd4 5.Nxd4 Qc7 6.Be2 Nf6 7.O-O Nc6 8.Be3 Bb4
9.Na4 O-O 10.Nxc6 bxc6 11.Nb6 Rb8 12.Nxc8 Rfxc8 13.Bxa6 Rd8 14.Bd3 Bd6 15.Kh1 Be5
16.c3 Rxb2 17.Qc1 Ng4 18.f4 Nxe3 19.Qxb2 Rb8 20.Qf2 Nxf1 21.fxe5 Nxh2 22.Kxh2 Qxe5+
23.Qg3 Qh5+ 24.Kg1 Qc5+ 25.Kh1 Ra8 26.Bc2 Qh5+ 27.Qh3 Qe5 28.Qd3 g6 29.Bb3 Ra5
30.Rf1 Qc7 31.Rf3 Rh5+ 32.Rh3 Rg5 33.Kg1 Qf4 34.Rf3 Qh4 35.Qe3 Re5 36.Qf4 Qxf4
37.Rxf4 g5 38.Rg4 f6 39.Bc2 Ra5 40.a4 Kf8 41.Rg3 h5 42.Kf2 Ke7 43.Ke3 g4
44.Kd2 Rg5 45.Re3 Kd6 46.Re1 Ke5 47.Ke3 d5 48.a5 dxe4 49.Bxe4 f5 50.Bd3 f4+
51.Kf2+ Kd6 52.Ra1 Rg8 53.a6 Kc7 54.Bc4 Kb6 55.Bxe6 Rg7 56.Bc8 Ka7 57.Bb7 Rd7
58.Bxc6 Rc7 59.Be8 h4 60.Bh5 h3 61.Bxg4 hxg2 62.Be2 Rxc3 63.Kxg2 Rb3 64.Kf2 Rg3
65.Ra4 Re3 66.Rxf4 Re7 67.Bc4 Kb6 68.Kf3 Rh7 69.Ke4 Kc5 70.Kd3 Rh3+ 71.Kc2 Rh1
72.Bf1 Rh7 73.Rf6 Kb4 74.Bg2 Rc7+ 75.Kd2 Rd7+ 76.Ke2 Rc7 77.Bb7 Rc2+ 78.Kd3 Ra2
79.Kd4 Kb5 80.Rc6  1-0

[Event "Pernik"]
[Site "Pernik"]
[Date "1984.??.??"]
[Round "13"]
[White "Antonov, Vladimir"]
[Black "Velikov, Petar"]
[Result "0-1"]
[WhiteElo "2360"]
[BlackElo "2465"]

1.e4 c5 2.Nf3 e6 3.d4 cxd4 4.Nxd4 a6 5.Nc3 Nc6 6.g3 Nxd4 7.Qxd4 Ne7 8.Bg2 Nc6
9.Qd2 b5 10.b3 Be7 11.Bb2 O-O 12.O-O d6 13.Nd1 Bb7 14.Ne3 Rc8 15.f4 Bf6 16.Bxf6 Qxf6
17.c4 Rfd8 18.Kh1 Qd4 19.Qe2 Na5 20.Rad1 Qc5 21.cxb5 Qxb5 22.Qb2 Qb4 23.Qb1 Rc3
24.Rfe1 Rdc8 25.Rc1 h6 26.Rxc3 Rxc3 27.h3 Qd4 28.Nf1 Qf2 29.Rc1 Rxc1 30.Qxc1 Qxa2
31.Qc7 Qa3 32.Qd8+ Kh7 33.Qe7 Qb4 34.Qxf7 Bxe4 35.Bxe4+ Qxe4+ 36.Kg1 Nxb3  0-1

[Event "Smederevska Palanka"]
[Site "Smederevska Palanka"]
[Date "1984.??.??"]
[Round "?"]
[White "Barlov, Dragan"]
[Black "Ristic, Nebojsa"]
[Result "1-0"]
[WhiteElo "2410"]
[BlackElo "2290"]

1.e4 c5 2.Nf3 e6 3.d4 cxd4 4.Nxd4 a6 5.Nc3 b5 6.Bd3 Bb7 7.O-O Qc7 8.Be3 Nf6
9.a3 Be7 10.f4 d6 11.Qf3 Nbd7 12.Rae1 h5 13.Kh1 Nc5 14.Bg1 h4 15.Qh3 Nh5
16.Be2 O-O-O 17.Bxh5 Rxh5 18.b4 Nd7 19.Rf3 Kb8 20.a4 bxa4 21.Nxa4 Rc8 22.Rb3 Ka8
23.b5 a5 24.Nc6 Bxc6 25.bxc6 Qxc6 26.Nb6+ Nxb6 27.Rxb6  1-0

[Event "BUL-ch"]
[Site "Sofia"]
[Date "1984.??.??"]
[Round "?"]
[White "Antonov, Vladimir"]
[Black "Donchev, Dimitar I"]
[Result "0-1"]
[WhiteElo "2365"]
[BlackElo "2505"]

1.e4 c5 2.Nc3 e6 3.Nf3 a6 4.d4 cxd4 5.Nxd4 Qc7 6.g3 Bb4 7.Ne2 Nf6 8.Bg2 d6
9.O-O O-O 10.h3 Nbd7 11.a3 Ba5 12.Kh1 Rb8 13.g4 b5 14.f4 Bb7 15.g5 Ne8 16.Rf3 Rd8
17.Rg3 Qb8 18.b3 d5 19.exd5 Nb6 20.Rd3 Bxc3 21.Nxc3 Nxd5 22.Ne4 Rc8 23.Qd2 Qc7
24.c3 f5 25.gxf6 Nexf6 26.Ng5 Qd7 27.Qe1 Rfe8 28.Bd2 Qe7 29.Qe5 h6 30.Nf3 Nd7
31.Qd4 Nc5 32.c4 Nxd3 33.cxd5 Qf6 34.Ne5 Nxe5 35.fxe5 Qg6 36.Rg1 Qh5 37.Kh2 Bxd5
38.Bxd5 exd5 39.e6 Re7 40.Rg2 Rc2 41.Qf6 Rxd2  0-1

[Event "BUL-ch"]
[Site "Sofia"]
[Date "1984.??.??"]
[Round "?"]
[White "Grigorov, Jordan N"]
[Black "Velikov, Petar"]
[Result "1/2-1/2"]
[WhiteElo "2395"]
[BlackElo "2460"]

1.e4 c5 2.Nf3 e6 3.d4 cxd4 4.Nxd4 a6 5.Nc3 Nc6 6.f4 d6 7.Be3 Nf6 8.Be2 Qc7
9.O-O Be7 10.Kh1 O-O 11.Qe1 Bd7 12.Qg3 b5 13.a3 Nxd4 14.Bxd4 Bc6 15.Rae1 Qb7
16.Bd3 b4 17.axb4 Qxb4 18.Ne2 Qb7 19.Nc3 Qb4 20.Ne2 Qb7 21.e5 Nh5 22.Qh3 g6
23.Ng3 dxe5 24.Bxe5 Ng7 25.Ne4 f6 26.Bc3 Bb5 27.Qf3 Qc7 28.Rf2 Rad8 29.Ree2 Nh5  1/2-1/2

[Event "BUL-ch"]
[Site "Sofia"]
[Date "1984.??.??"]
[Round "?"]
[White "Stefanov, Krasimir"]
[Black "Velikov, Petar"]
[Result "1/2-1/2"]
[WhiteElo "2280"]
[BlackElo "2460"]

1.e4 c5 2.Nf3 e6 3.d4 cxd4 4.Nxd4 a6 5.Nc3 Qc7 6.g3 d6 7.Bg2 Nf6 8.O-O Be7
9.f4 Bd7 10.g4 Nc6 11.Nb3 h6 12.Qe2 Nh7 13.Re1 O-O 14.Be3 b5 15.Qf2 Rfe8
16.Rad1 Nf8 17.h4 g5 18.e5 dxe5 19.fxg5 Ng6 20.Rf1 Nf4 21.Bxf4 exf4 22.Qxf4 Qxf4
23.Rxf4 hxg5 24.hxg5 Bxg5 25.Rxd7 Bxf4 26.Bxc6 Red8 27.Kf2 Rxd7 28.Bxa8 Be5
29.Ke3 Kg7 30.Nd2 Rc7 31.Kd3 Rd7+ 32.Ke2 Rc7 33.Be4 Bxc3 34.bxc3 Rxc3 35.Nb3 Kf6
36.Kd2 Rc7 37.Bd3 Ke5 38.Ke3 f6 39.Nc1 Rc3 40.Kd2 Rc8 41.Ke3 Rh8 42.Be2 Rc8
43.Nd3+ Kd6 44.Kd2 Rc4  1/2-1/2

[Event "BUL-ch"]
[Site "Sofia"]
[Date "1984.??.??"]
[Round "?"]
[White "Stefanov, Krasimir"]
[Black "Popov, Luben"]
[Result "0-1"]
[WhiteElo "2280"]
[BlackElo "2395"]

1.e4 c5 2.Nf3 e6 3.d4 cxd4 4.Nxd4 a6 5.Nc3 b5 6.Bd3 Ne7 7.O-O Nec6 8.Nxc6 Nxc6
9.Re1 d6 10.f4 Be7 11.Qf3 Nb4 12.f5 Nxd3 13.cxd3 Bd7 14.fxe6 Bxe6 15.Be3 Bf6
16.Qf2 O-O 17.Bb6 Qd7 18.Bd4 Be5 19.Nd5 Bxd5 20.exd5 Bxd4 21.Qxd4 Rfc8 22.Rac1 Rxc1
23.Rxc1 Rc8 24.Rc3 Re8 25.h3 h5 26.Rc6 Qf5 27.Qf2 Qxd5 28.Rxa6 Qxd3 29.Ra3 Qc4
30.Qd2 d5 31.Rd3 Re4 32.b4 Qc6 33.Qc3 Qe6 34.Rd1 Re2 35.Qd3 Re1+ 36.Kf2 Rxd1
37.Qxd1 Qf5+ 38.Qf3 Qxf3+ 39.Kxf3 Kf8 40.Ke3 Ke7 41.Kd4 Kd6 42.Kc3 Ke5  0-1

[Event "Tatran Cup"]
[Site "Stary Smokovec"]
[Date "1984.??.??"]
[Round "4"]
[White "Banas, Jan"]
[Black "Plachetka, Jan"]
[Result "1-0"]
[WhiteElo "2400"]
[BlackElo "2410"]

1.e4 c5 2.Nf3 e6 3.Nc3 a6 4.d4 cxd4 5.Nxd4 Qc7 6.Bd3 Nf6 7.O-O Be7 8.Be3 d6
9.f4 O-O 10.g4 Re8 11.f5 Bf8 12.g5 Nfd7 13.fxe6 fxe6 14.e5 g6 15.Nxe6 Rxe6
16.Qf3 Rxe5 17.Qf7+ Kh8 18.Bd4 Qd8 19.Bxe5+ dxe5 20.Ne4 Nc6 21.Bc4 Be7 22.Rad1 b5
23.Nf6 Bxf6 24.gxf6 Qf8 25.Rxd7 Bxd7 26.Qxd7 Nd4 27.Bd3 Rd8 28.Qc7 Ne6 29.Qxe5 Qc5+
30.Qxc5 Nxc5 31.Be2 Kg8 32.b4 Ne4 33.c4 Nc3 34.Bg4 Kf7 35.c5 Rd4 36.Be6+ Kf8
37.c6 Nd5 38.Bxd5  1-0

[Event "Tatran Cup"]
[Site "Stary Smokovec"]
[Date "1984.??.??"]
[Round "5"]
[White "Franzen, Josef"]
[Black "Petrik, Karol"]
[Result "1/2-1/2"]
[WhiteElo "2355"]
[BlackElo "2305"]

1.e4 c5 2.Nf3 e6 3.Nc3 a6 4.d4 cxd4 5.Nxd4 Nc6 6.g3 Nxd4 7.Qxd4 Ne7 8.Bf4 b5
9.Bg2 Bb7 10.O-O Nc6 11.Qd2 Rc8 12.Rfe1 d6 13.Bg5 Qc7 14.f4 f6 15.Bh4 Be7
16.g4 Na5 17.Nd1 O-O 18.Ne3 Nc4 19.Nxc4 Qxc4 20.c3 Rfd8 21.Qe2 Qxe2 22.Rxe2 Rc4
23.Bf2 Rdc8 24.a3 Kf7 25.Rd1 a5 26.Rd4 Rxd4 27.Bxd4 e5 28.fxe5 dxe5 29.Bb6 b4
30.cxb4 axb4 31.axb4 Rc1+ 32.Kf2 Bxb4 33.Be3 Rc4 34.g5 fxg5 35.Bxg5 Bc5+
36.Be3 Bd4 37.Bxd4 exd4 38.Ke1 Ke6 39.Kd2 Ke5 40.Rf2 Rb4 41.Rf5+ Ke6 42.Kc2 g6
43.Rc5 d3+ 44.Kxd3 Rxb2 45.Rc2 Ba6+ 46.Kd2 Rxc2+ 47.Kxc2 Ke5 48.Kd2 g5 49.Ke3 h5
50.Bf3 g4 51.Bd1 Bb7 52.Kf2 Kf4 53.e5 Bd5 54.Ba4 Be6 55.Bc6 h4 56.Bb7 Bd7
57.Ba8  1/2-1/2

[Event "CSR-ch"]
[Site "Sumperk"]
[Date "1984.??.??"]
[Round "1"]
[White "Pacl, Vaclav"]
[Black "Plachetka, Jan"]
[Result "0-1"]
[WhiteElo "2320"]
[BlackElo "2440"]

1.e4 c5 2.Nf3 e6 3.Nc3 a6 4.d4 cxd4 5.Nxd4 Qc7 6.g3 Nf6 7.Bg2 d6 8.O-O Be7
9.a4 Nc6 10.Be3 O-O 11.Qe2 Bd7 12.Nb3 Ne5 13.a5 Nc4 14.Bc1 Rac8 15.f4 b5
16.axb6 Qxb6+ 17.Kh1 Bb5 18.Nxb5 axb5 19.f5 exf5 20.exf5 Rfe8 21.c3 d5 22.Qd3 b4
23.Nd4 Bc5 24.Ra2 b3 25.Ra1 Bxd4 26.cxd4 h6 27.h3 Re7 28.Rb1 Rce8 29.Bf4 Re2
30.Rf3 Ne4 31.Kh2 Ned2 32.Bxd2 Rxd2  0-1

[Event "CSR-ch"]
[Site "Sumperk"]
[Date "1984.??.??"]
[Round "5"]
[White "Prandstetter, Eduard"]
[Black "Plachetka, Jan"]
[Result "1/2-1/2"]
[WhiteElo "2435"]
[BlackElo "2440"]

1.e4 c5 2.Nf3 e6 3.d4 cxd4 4.Nxd4 a6 5.Nc3 Qc7 6.Bd3 Nf6 7.O-O Be7 8.Be3 b5
9.f4 b4 10.Nb1 Bb7 11.Nd2 O-O 12.Qf3 Nc6  1/2-1/2

[Event "CSR-ch"]
[Site "Sumperk"]
[Date "1984.??.??"]
[Round "16"]
[White "Franzen, Josef"]
[Black "Smejkal, Jan"]
[Result "0-1"]
[WhiteElo "2370"]
[BlackElo "2545"]

1.e4 c5 2.Nf3 e6 3.Nc3 a6 4.d4 cxd4 5.Nxd4 Qc7 6.g3 Bb4 7.Bd2 Nf6 8.Bg2 Nc6
9.Nxc6 bxc6 10.O-O a5 11.Re1 e5 12.Na4 Ba6 13.Rc1 Bb5 14.c3 Be7 15.c4 Bxa4
16.Qxa4 Qa7 17.Be3 Bc5 18.Qd1 O-O 19.Bxc5 Qxc5 20.Re3 Rfb8 21.Rc2 Rb4 22.Rec3 Rab8
23.Qe2 h6 24.Rd2 R8b7 25.Rcc2 a4 26.h4 g6 27.Bh3 Kg7 28.Kg2 d6 29.Kf3 Rb8
30.Qd3 Rd8 31.Qe2 Qa5 32.Kg2 c5 33.Rc3 Rxb2 34.Rxb2 Qxc3 35.Rb7 Re8 36.Rb6 Qd4
37.f3 Ra8 38.Qc2 Ra7 39.Rb1 Ne8 40.Rb8 Nc7 41.Bc8 a3 42.Rb6 h5 43.Bb7 Qe3
44.Bc8 Ra8 45.Bd7 Na6 46.Rxd6 Nb4 47.Qd1 Nxa2 48.Qd5 Qd4 49.Qc6 Nb4 50.Qc7 Qxd6
51.Qxd6 a2 52.Qxe5+ Kh7  0-1

[Event "Thessaloniki ol (Women)"]
[Site "Thessaloniki"]
[Date "1984.??.??"]
[Round "1"]
[White "Ivanka Budinsky, Maria"]
[Black "Horvath, Maria"]
[Result "1-0"]
[WhiteElo "2255"]
[BlackElo "1865"]

1.e4 c5 2.Nf3 e6 3.d4 cxd4 4.Nxd4 a6 5.Nc3 d6 6.Be2 b5 7.f4 Bb7 8.Bf3 Qc7
9.a3 Be7 10.O-O Nc6 11.Nb3 Nf6 12.Be3 O-O 13.g4 Rfd8 14.Qe2 Bf8 15.g5 Nd7
16.Qf2 Ne7 17.Rad1 Rac8 18.h4 Bc6 19.Bg2 Bb7 20.h5 Re8 21.Rd2 f5 22.Rfd1 Nc5
23.Nxc5 dxc5 24.Rd7 Qb8 25.Bxc5 fxe4 26.Bd6 Qa8 27.Qb6 Bd5 28.Ra7 Qc6 29.Rxa6 Qxb6+
30.Rxb6 Rxc3 31.bxc3 Nc8 32.Bxf8 Nxb6 33.Bb4 Nc4 34.Re1 Ra8 35.Bxe4 Bxe4
36.Rxe4 Nxa3 37.Rxe6 Nxc2 38.Bc5 Rc8 39.g6 hxg6 40.hxg6 Ra8  1-0

[Event "Thessaloniki ol (Women)"]
[Site "Thessaloniki"]
[Date "1984.??.??"]
[Round "2"]
[White "Justo, Virginia"]
[Black "Muresan, Margareta"]
[Result "1/2-1/2"]
[WhiteElo "2050"]
[BlackElo "2195"]

1.e4 c5 2.Nf3 e6 3.d4 cxd4 4.Nxd4 a6 5.Nc3 Qc7 6.Be2 b5 7.Bf3 Bb7 8.O-O Nc6
9.Nxc6 Bxc6 10.Re1 Bd6 11.g3 Ne7 12.Be3 O-O 13.Bg2 f5 14.Bg5 Rae8 15.a3 f4
16.Qd2 Ng6 17.Rad1 Be5 18.Qd3 Qb7 19.Bxf4 Nxf4 20.gxf4 Rxf4 21.Qe3 Qb8 22.h3 Ref8
23.Rf1 Qe8 24.Ne2 R4f6 25.f4 Bb8 26.Kh1 Qh5 27.e5 Ba7 28.Qd3 Bxg2+ 29.Kxg2 Rg6+
30.Kh2 Qh4 31.Rf3 Bc5 32.Rdf1 Qe7 33.c3 Ba7 34.Rd1 Bb8 35.Rg3 Rxg3 36.Qxg3 d6
37.Nd4 Qd7 38.Rg1 g6 39.Kh1 dxe5 40.fxe5 Qd5+ 41.Qg2 Bxe5 42.Qxd5 exd5 43.Nc6 Bd6
44.Rd1 Rf5 45.Nb4 Bxb4 46.axb4 Kf7 47.Kg2 Ke7 48.Kg3 Kd7 49.h4 h6 50.Kg4 Re5
51.Ra1 Re6 52.Rd1 Kd6 53.Ra1 Ke7 54.Rd1 Re4+ 55.Kg3 Re5 56.Ra1 Re6 57.Rd1 Rd6
58.Kf4 Kf6 59.Rd2 g5+ 60.hxg5+ hxg5+ 61.Kg4 d4 62.cxd4 Ke6 63.Kxg5 Kd5 64.Kf4 Re6
65.Kf3 Re4 66.Rc2 Rxd4 67.Rc5+ Kd6 68.Ke3 Rxb4 69.Rc2 Kd5 70.Kd3 Rb3+ 71.Kd2 a5
72.Kc1 a4 73.Rh2 Re3 74.Kd2 Re4 75.Rh3 b4 76.Rh2 Kc4 77.Rh3 Rg4 78.Rf3 Rg1
79.Rh3 Rg2+ 80.Kc1 Re2 81.Rg3 Kd4 82.Rh3 Re3 83.Rh1 Kd3 84.Rg1 Rh3 85.Rd1+ Kc4
86.Rg1 Kb3 87.Kb1 a3 88.bxa3 Kxa3 89.Rf1 Rh2 90.Rg1 Rb2+ 91.Ka1 Rd2 92.Rh1 Kb3
93.Kb1 Rd3 94.Rg1 Kc3 95.Rf1 Kb3 96.Rh1 Ka3 97.Rg1 Rd2 98.Rh1 b3 99.Rg1 Rb2+
100.Ka1  1/2-1/2

[Event "Thessaloniki ol (Women)"]
[Site "Thessaloniki"]
[Date "1984.??.??"]
[Round "4"]
[White "Khadilkar, Rohini"]
[Black "Bellin, Jana"]
[Result "1-0"]
[WhiteElo "2115"]
[BlackElo "2245"]

1.e4 c5 2.Nf3 e6 3.d4 cxd4 4.Nxd4 a6 5.Nc3 Qc7 6.g3 Bb4 7.Ne2 Nf6 8.Bg2 Be7
9.O-O Nc6 10.b3 d6 11.Bb2 O-O 12.Nd4 Bd7 13.Nce2 b5 14.Rc1 Ne5 15.Qd2 Rac8
16.f4 Ng6 17.Kh1 Rfd8 18.c4 Bf8 19.f5 Ne5 20.Nf4 Re8 21.g4 Qb7 22.Rce1 h6
23.fxe6 fxe6 24.Nd3 Qc7 25.g5 hxg5 26.Qxg5 Be7 27.Qe3 Ng6 28.Qg3 Ne5 29.Nf4 Bf8
30.Nfxe6 Bxe6 31.Rxf6 Bg4 32.Rf2 Bh5 33.Nf5 d5 34.Qg5 g6 35.Ng3 Ng4  1-0

[Event "Thessaloniki ol (Women)"]
[Site "Thessaloniki"]
[Date "1984.??.??"]
[Round "5"]
[White "Widjajanti, C."]
[Black "Justo, Virginia"]
[Result "0-1"]
[WhiteElo "1950"]
[BlackElo "2050"]

1.e4 c5 2.Nf3 e6 3.Nc3 a6 4.d4 cxd4 5.Nxd4 Qc7 6.a3 Nf6 7.Nb3 b5 8.f3 Bb7
9.Be2 Bd6 10.g3 h5 11.Bf4 Bxf4 12.gxf4 Qxf4 13.Na5 Bc6 14.Qd3 O-O 15.Bf1 d5
16.Nxc6 Nxc6 17.exd5 Ne5 18.Qe2 Nxf3+ 19.Kd1 Rad8 20.Bg2 Nxd5 21.Qxf3 Nxc3+
22.Ke1 Qd2+ 23.Kf1 Nd5 24.Re1 Nf4 25.Qf2 Qxf2+ 26.Kxf2 Rd2+ 27.Ke3 Rxg2  0-1

[Event "Thessaloniki ol (Women)"]
[Site "Thessaloniki"]
[Date "1984.??.??"]
[Round "6"]
[White "Yilmaz, Gulsevil"]
[Black "Justo, Virginia"]
[Result "0-1"]
[WhiteElo "1920"]
[BlackElo "2050"]

1.e4 c5 2.Nf3 e6 3.d4 cxd4 4.Nxd4 a6 5.Nc3 Qc7 6.Bd3 Nc6 7.Nf3 Nf6 8.O-O Be7
9.a3 O-O 10.h3 Rd8 11.Qe2 d6 12.Bf4 Ne5 13.Nxe5 dxe5 14.Be3 Bd7 15.Kh1 Bc6
16.Rab1 b5 17.Bd2 Rd7 18.f4 Rad8 19.f5 exf5 20.Rxf5 Rd4 21.Be3 Nxe4 22.Nxe4 Bxe4
23.Bxd4 Bxf5 24.Bxe5 Qd7 25.Bxf5 Qxf5 26.Bxg7 Kxg7 27.Qxe7 Rd2 28.Qe3 Rxc2
29.Re1 h6 30.Qg3+ Qg5 31.Qxg5+ hxg5 32.Re5 Kg6 33.Re8 a5 34.b4 axb4 35.axb4 Rc4
36.Rb8 Rxb4 37.Kh2 Kf5 38.Rb7 f6 39.Rb6 Rb3 40.Kh1 Ke5 41.Kh2 f5 42.Rg6 Kf4
43.Rg8 b4 44.Rb8 Rb2 45.Rb6 Ke4 46.Kg1 b3 47.Rb5 f4 48.Rxg5 Rc2 49.Rb5 b2
50.Kh2 f3  0-1

[Event "Thessaloniki ol (Women)"]
[Site "Thessaloniki"]
[Date "1984.??.??"]
[Round "14"]
[White "Gocheva, Rumiana B"]
[Black "Bellin, Jana"]
[Result "1/2-1/2"]
[WhiteElo "2115"]
[BlackElo "2245"]

1.e4 c5 2.Nf3 e6 3.d4 cxd4 4.Nxd4 a6 5.Nc3 Qc7 6.g3 Bb4 7.Bd2 Nf6 8.Bg2 Nc6
9.Nxc6 dxc6 10.O-O O-O 11.Qe2 e5 12.Nb5 Qe7 13.Nc3 Bg4 14.f3 Be6 15.Rfd1 Rfd8
16.a3 Bc5+ 17.Be3 Bd4 18.Bxd4 exd4 19.Na2 Qc5 20.Qf2 Qb6 21.b3 c5 22.Nc1 Rac8
23.Bf1 Qc7 24.Nd3 b5 25.b4 Nd7 26.Nf4  1/2-1/2

[Event "Titograd"]
[Site "Titograd"]
[Date "1984.??.??"]
[Round "?"]
[White "Popovic, Petar"]
[Black "Kudrin, Sergey"]
[Result "1/2-1/2"]
[WhiteElo "2515"]
[BlackElo "2520"]

1.e4 c5 2.Nf3 e6 3.d4 cxd4 4.Nxd4 a6 5.Nc3 Qc7 6.g3 Bb4 7.Bd2 Nc6 8.Nxc6 dxc6
9.Bg2 e5 10.O-O Be7 11.Be3 Nf6 12.Na4 Nd7 13.Bh3 Nc5 14.Bxc5 Bxh3 15.Bb6 Qc8
16.Re1 O-O 17.Qd3 Qe6 18.Nc5 Bxc5 19.Bxc5 Rfd8 20.Qc3 Rd7 21.b3 b5 22.f3 Re8
23.Rad1 Red8 24.Rxd7 Rxd7 25.Kf2 f6 26.Re2 Rd1 27.Re1 Rd7 28.Re2 Rd1 29.Re1 Rd7  1/2-1/2

[Event "Vrnjacka Banja"]
[Site "Vrnjacka Banja"]
[Date "1984.??.??"]
[Round "?"]
[White "Barlov, Dragan"]
[Black "Adamski, Jan"]
[Result "1/2-1/2"]
[WhiteElo "2410"]
[BlackElo "2460"]

1.e4 c5 2.Nf3 e6 3.d4 cxd4 4.Nxd4 a6 5.Nc3 d6 6.Be2 Nf6 7.f4 Qc7 8.O-O Be7
9.Kh1 O-O 10.Qe1 Nc6 11.Be3 Nxd4 12.Bxd4 b5 13.a3 Bb7 14.Qg3 Bc6 15.e5 dxe5
16.Bxe5 Qb7 17.f5 exf5 18.Rxf5 Ne8 19.Bd3 g6 20.Rf2 Ng7 21.Raf1 Rae8 22.Re2 f6
23.Bd4 Qd7 24.Qf2 Ne6 25.Be3 f5 26.Bh6 Bc5 27.Qh4 Be7 28.Qh3 Ng7 29.Rd1 Qc7
30.a4 Qb6 31.axb5 axb5 32.Rde1 Bf6 33.Rxe8 Rxe8 34.Rxe8+ Nxe8 35.Qe3 Qxe3
36.Bxe3 Nd6 37.Nd1 Kf7 38.Kg1 Ke6 39.Kf2 Nc4 40.Bc1 Bd4+ 41.Kf1  1/2-1/2

[Event "Zuerich op"]
[Site "Zuerich"]
[Date "1984.??.??"]
[Round "7"]
[White "Cramling, Pia"]
[Black "Forintos, Gyozo V"]
[Result "0-1"]
[WhiteElo "2405"]
[BlackElo "2425"]

1.e4 c5 2.Nf3 e6 3.Nc3 a6 4.d4 cxd4 5.Nxd4 b5 6.Bd3 Bb7 7.O-O Qc7 8.Re1 Bd6
9.Bxb5 Bxh2+ 10.Kh1 Be5 11.Bf1 Nf6 12.Qd2 Ng4 13.f4 Bxd4 14.Qxd4 Qa5 15.e5 Qd8  0-1

[Event "ITA-ch44"]
[Site "Arcidosso"]
[Date "1985.??.??"]
[Round "4"]
[White "Martorelli, Antonio"]
[Black "Zichichi, Alvise"]
[Result "0-1"]
[WhiteElo "2305"]
[BlackElo "2360"]

1.e4 c5 2.Nf3 e6 3.d4 cxd4 4.Nxd4 a6 5.Nc3 Qc7 6.g3 Nc6 7.Bg2 Nf6 8.O-O Be7
9.Re1 d6 10.Nxc6 bxc6 11.e5 dxe5 12.Rxe5 O-O 13.Re1 Rd8 14.Qf3 Bd7 15.Bg5 Be8
16.b3 Nd5 17.Bxe7 Qxe7 18.Na4 c5 19.Qh5 f5 20.Qxf5 exf5 21.Bxd5+ Rxd5 22.Rxe7 Bxa4
23.bxa4 f4 24.Kg2 fxg3 25.Kxg3 Rf8 26.f4 Rd4 27.Rf1 Rxa4 28.Rc7 Rc4 29.Rf2 g6
30.Ra7 Ra4 31.c3 Rf7 32.Rxf7 Kxf7 33.Rb2 Kf6 34.Re2 Ra3 35.Rc2 Kf5 36.Kf3 Ra4
37.Ke3 Re4+ 38.Kd3 c4+ 39.Kd2 Rxf4 40.Ke3 Rh4 41.Rg2  0-1

[Event "ITA-ch44"]
[Site "Arcidosso"]
[Date "1985.??.??"]
[Round "7"]
[White "Mantovani, Renzo"]
[Black "Zichichi, Alvise"]
[Result "1/2-1/2"]
[WhiteElo "2230"]
[BlackElo "2360"]

1.e4 c5 2.Nf3 e6 3.d4 cxd4 4.Nxd4 a6 5.Nc3 Qc7 6.g3 Nc6 7.Bg2 d6 8.O-O Bd7
9.Re1 Be7 10.Nxc6 Bxc6 11.a4 Nf6 12.a5 O-O 13.Be3 Nd7 14.Na4 Rae8 15.Nb6 f5
16.Nxd7 Qxd7 17.Bb6 fxe4 18.Bxe4 d5 19.Bg2 Bf6 20.c3 e5 21.Qb3 Qf7 22.Rad1 e4
23.Qc2 Re5 24.b3 Bb5 25.Bf1 Bxf1 26.Rxf1 Rc8 27.Qd2 Rh5 28.Bd4 Bxd4 29.Qxd4 Rc6
30.f3 exf3 31.c4 Rd6 32.Rf2 Rf5 33.b4 h5 34.b5 axb5 35.cxb5 Rg6 36.Rc1 Rg4
37.Rc8+ Kh7 38.Qd3 Re4 39.h3 Re1+ 40.Kh2 Re2 41.Kg1 Re1+ 42.Kh2 Re4 43.a6 bxa6
44.bxa6 h4 45.gxh4 Qe6 46.Rc1 Qe5+ 47.Kh1 Re1+ 48.Rxe1 Qxe1+ 49.Rf1 Qe4 50.Qb1 Rf7
51.Re1 Qxb1 52.Rxb1 Rf6 53.Ra1 f2 54.Kg2 f1=Q+ 55.Rxf1 Rxa6 56.Rd1 Ra5 57.Kf3 Kh6
58.Rd4 Kg6 59.Rg4+ Kf6 60.h5 Ra3+ 61.Kg2 Ra7 62.Kf3 Ke5 63.Ke3 Ra3+ 64.Ke2 Rxh3
65.Rxg7 Rxh5 66.Rg3 Kd4 67.Kd2 Rh2+ 68.Kd1 Ra2 69.Rh3 Kc4 70.Rg3  1/2-1/2

[Event "ITA-ch44"]
[Site "Arcidosso"]
[Date "1985.??.??"]
[Round "9"]
[White "Gallo, Enrico"]
[Black "Martorelli, Antonio"]
[Result "0-1"]
[WhiteElo "2030"]
[BlackElo "2305"]

1.e4 c5 2.Nc3 e6 3.Nf3 a6 4.d4 cxd4 5.Nxd4 Qc7 6.Be3 Ba3 7.Qc1 Bb4 8.Qd2 Nf6
9.Bd3 d5 10.exd5 Nxd5 11.Nde2 Nd7 12.O-O Nxe3 13.Qxe3 Nf6 14.Ne4 Ng4 15.Qg3 Qxg3
16.N2xg3 Bd7 17.c3 Be7 18.Rad1 Ne5 19.Be2 O-O-O 20.f4 Ng6 21.Nh5 Bc6 22.Ng5 Nh4
23.Nxf7 Bc5+ 24.Rf2 Rxd1+ 25.Bxd1 Rf8 26.Ng5 Rd8 27.Be2 Rd2 28.Nxe6 Bxf2+
29.Kxf2 g6 30.Ng3 Rxb2 31.Nd4 Bxg2 32.a4 Bd5 33.Kg1 Ra2 34.f5 gxf5 35.Ngxf5 Nxf5
36.Bg4 Rg2+  0-1